Organická chemie pro gymnázia

Saved in:
Bibliographic Details
Main Author: Pečová, Danuše (Author)
Format: Book
Language:Czech
Published: Olomouc : Nakladatelství Olomouc, 2005
Edition:2. vyd., reprint
Subjects:
Tags: Add Tag
No Tags, Be the first to tag this record!

MARC

LEADER 00000nam a22000003a 4500
001 stu176466
005 20150617225611.0
008 081201s2005----xr------------------cze-d
020 |a 80-7182-142-X 
040 |a STU  |b slo 
041 0 |a cze 
044 |a xr 
080 |a 547 
100 1 |a Pečová, Danuše  |4 aut 
245 1 |a Organická chemie pro gymnázia 
250 |a 2. vyd., reprint 
260 |a Olomouc :  |b Nakladatelství Olomouc,  |c 2005 
300 |a 127 s 
650 7 |a organická chémia  |2 stusub 
996 |b 284M069389  |c M*12379-1  |l MMKN  |s A  |a 24  |w stu176466_0001